El esquí de fondo
Tallennettuna:
| Päätekijä: | |
|---|---|
| Aineistotyyppi: | Kirja |
| Kieli: | espanja |
| Julkaistu: |
Barcelona
De Vecchio
1976
|
| Sarja: | Biblioteca deportiva de Vecchi
|
| Aiheet: | |
| Tagit: |
Lisää tagi
Ei tageja, Lisää ensimmäinen tagi!
|
MARC
| LEADER | 00000nam a2200000 a 4500 | ||
|---|---|---|---|
| 001 | UCZ0209 | ||
| 003 | CL-VaPUC | ||
| 008 | 950724e19760000SP |||||||||||||||||spa|d | ||
| 082 | 0 | 4 | |a 796.93 |b CAR |2 21 |
| 100 | 0 | |a Carrez, Gilbert |e author |9 342874 | |
| 245 | 1 | 3 | |a El esquí de fondo |
| 300 | |a 61 p | ||
| 942 | |c BK | ||
| 945 | |d 19950724 00:00:00 |a lriquelm | ||
| 260 | |a Barcelona |b De Vecchio |c 1976 | ||
| 650 | 7 | |a ESQUI |2 CL-VaPUC |9 342875 | |
| 650 | 0 | |a Aprendizaje |9 254827 | |
| 650 | 7 | |a ENTRENAMIENTO ATLETICO |2 CL-VaPUC |9 342876 | |
| 583 | |a last modification |c 19950724 00:00:00 |k Rodrigo Vera | ||
| 490 | 0 | |a Biblioteca deportiva de Vecchi | |
| 999 | |c 237170 |d 237168 | ||
| 952 | |0 0 |1 0 |4 0 |6 796_930000000000000_CAR_1976 |7 0 |8 P |9 246003 |a BIBEDU |b BIBEDU |c BIBEDU_PB |d 2019-11-18 |i 1541609 |o 796.93 CAR 1976 |p 1541609 |r 2024-01-25 |w 2019-11-18 |y BK |k EDU | ||